000 00428nam a22001697a 4500
005 20180717142252.0
008 160525b xxu||||| |||| 00| 0 eng d
020 _a81-219-1062-5
041 _aeng
082 _b4875
_a658.1511
100 _aPillai, R.S.N. Bagavathi
_91232
245 _aManagement Accounting
260 _aNew Delhi
_bAcademic Faundation
_c1996
300 _a543p,
650 _aManagement
_9241
942 _cBK
999 _c1693
_d1692